书目信息 |
| 题名: |
给女儿的39封信
|
|
| 作者: | 刘金山 选编 | |
| 分册: | ||
| 出版信息: | 济南 明天出版社 2006.05 |
|
| 页数: | 220页 | |
| 开本: | 20cm | |
| 丛书名: | ||
| 单 册: | ||
| 中图分类: | I267.5 | |
| 科图分类: | ||
| 主题词: | 书信集--shu xin ji--中国--现代 | |
| 电子资源: | ||
| ISBN: | 7-5332-5135-0 | |
| 000 | 00723nam0 2200217 450 | |
| 001 | 012006265078 | |
| 005 | 20070604110655.39 | |
| 010 | @a7-5332-5135-0@dCNY18.00 | |
| 100 | @a20061228d2006 km y0chiy0120 ea | |
| 101 | 0 | @achi |
| 102 | @aCN@b370000 | |
| 105 | @ay z 000ey | |
| 200 | 1 | @a给女儿的39封信@Agei nu er de 39 feng xin@f刘金山选编@Fliu jin shan xuan bian |
| 210 | @a济南@c明天出版社@d2006.05 | |
| 215 | @a220页@d20cm | |
| 330 | @a本书收录了39封父母亲写给女儿的家信,包括女篮明星隋菲菲的家信、作家邓刚给女儿的信、写给留学法国的女儿的信等。 | |
| 606 | 0 | @a书信集@Ashu xin ji@y中国@z现代 |
| 690 | @aI267.5@v4 | |
| 701 | 0 | @a刘金山@Aliu jin shan@4选编 |
| 801 | 0 | @aCN@c20070604 |
| 905 | @b234446-48@dI267.5@eL636 | |
| 给女儿的39封信/刘金山选编.-济南:明天出版社,2006.05 |
| 220页;20cm |
| ISBN 7-5332-5135-0:CNY18.00 |
| 本书收录了39封父母亲写给女儿的家信,包括女篮明星隋菲菲的家信、作家邓刚给女儿的信、写给留学法国的女儿的信等。 |
| ● |
| 相关链接 |
|
|
|
正题名:给女儿的39封信
索取号:I267.5/L636
 
预约/预借
| 序号 | 登录号 | 条形码 | 馆藏地/架位号 | 状态 | 备注 |
| 1 | 234446 | 202344463 | 社科二线422/422社科库 26排1列4层/ [索取号:I267.5/L636] | 在馆 | |
| 2 | 234447 | 202344472 | 文学库116/116文学库 12排3列1层/ [索取号:I267.5/L636] | 在馆 | |
| 3 | 234448 | 202344481 | 文学库116/116文学库 12排3列1层/ [索取号:I267.5/L636] | 在馆 |